000 00885nmc a2200325 a 4500
003 AR-BaBNM
005 20251128204352.0
008 011101s[199 ||||||||||||||000 | spa||
020 _a987-99250-4-1-
040 _cAR-BaBNM
100 1 _aValsecchi, Pedro Pablo
245 1 0 _aEducación y trabajo
_btras los muros escolares
260 _aBuenos Aires
_bEdiciones Aula Abierta
_c[1990]
300 _a158 p.
_bgráfs.
490 0 _aEntre didáctica y metodología
500 _aIntroducción por Jorge Fanelli
504 _aBibliografía p. 157-158
650 4 _aEDUCACION PARA EL TRABAJO
650 4 _aCOOPERATIVAS
650 4 _aCIENCIA
650 4 _aECONOMIA
650 4 _aEMPRESAS
650 4 _aFORMACION PROFESIONAL
650 4 _aPUBLICIDAD
650 4 _aCONSUMO
650 4 _aINFORMATICA
650 4 _aMERCADOS FINANCIEROS
942 _cBK
998 _cCarmen
999 _c7185
_d7185